77 problemas resueltos de mecánica

Bibliographic Details
Main Authors: Saad, Antonio Miguel, Zundel, David Ross
Format: Section = Libro
Language:Undetermined
Spanish
Published: México Mirros 1966
Subjects:
LEADER 00462nam a2200181Ia 4500
008 240829s9999 xx 000 0 und d
040 |a BIBLIOTECA-RUSB/ 531 S124 
041 |a spa 
082 |a 531 S124 
100 1 |a Saad, Antonio Miguel  
100 1 |b  Zundel, David Ross 
245 1 0 |a 77 problemas resueltos de mecánica 
260 |a México  |b Mirros  |c 1966 
300 |a 114 p. :il. 
650 7 |a MECANICA-PROBLEMAS 
942 |c BK  |2 ddc 
991 |a TEXTO 
999 |c 2070